| 000 | 00473nam a2200169 4500 | ||
|---|---|---|---|
| 005 | 20171019114536.0 | ||
| 008 | 171019b xxu||||| |||| 00| 0 eng d | ||
| 020 | _a9789697651030 | ||
| 040 | _cPK-LaUMT | ||
| 082 |
_a291.195491 _bHAR-B |
||
| 100 | _aHaroon Khalid | ||
| 245 |
_aBeyond the 'other' roots of religious syncretism in Pakistan / _cHaroon Khalid |
||
| 260 |
_aPakistan: _bFaiz Foundation Trust, _c2016 |
||
| 300 | _a105 p. | ||
| 650 | _aReligion | ||
| 942 | _cBK | ||
| 999 |
_c99328 _d99328 |
||